01363cam a22003614i 4500003000900000005001700009008004100026020001500067035002700082040003300109082002000142100003000162245005600192264004800248300002800296336002100324337002500345338002300370504002800393505044900421526001000870526001000880526001000890526001000900526000800910526000800918526000800926526000800934526000800942526000800950526000800958630003500966PE-LiUPU20250731172949.0150623s r 000 0 d a0931464005 a(Sirsi) i9780931464003 aPE-LiUPUbspacPE-LiUPUerda04a221.48bJ372211 aJellicoe, Sidney,eautor.14aThe septuagint and modern study /cSidney Jellicoe. 1aWinoma Lake, Indiana :bEisenbrauns,c1993. a425 páginas ;c23 cm. atext2rdacontent aunmediated2rdamedia avolume2rdacarrier aIncluye bibliografía.0 aIntroduction. Modern study-its antecedents, beginnings, and development. -Origins and transmission- history: septuagint origins: the letter of Aristeas. Modern theories of origin. Early revisions. Origin and the hexapla. The trifaria varietas. -Text and language: Manuscrpts of the septuagint. The versions. The books of the septuagint. modern editions and text-critical studies. Language and style. The current situation in septuagint studies. aSEG42 aSEG41 aSEG40 aSEG39 aP94 aP87 aP86 aP85 aP77 aP76 aP35 aBiblia.lGriego.sSeptuaginta.